LEADER 01314nam0-22004331i-450- 001 990001019110403321 005 20081209145128.0 035 $a000101911 035 $aFED01000101911 035 $a(Aleph)000101911FED01 035 $a000101911 100 $a20001205d1969----km-y0itay50------ba 101 1 $aeng 102 $aIL 105 $ay-------001yy 200 1 $aHandbook of numerical inversion of laplace transforms$fV.I. Krylov and N.S. Skoblya$gtranslated from russian by D. Louvish 210 $aJerusalem$cIsrael program for scientific translations$d1969 215 $av, 293 p.$d25 cm 610 0 $aCalcolo delle variazioni 610 0 $aDifferenze finite 610 0 $aIntegrali di Fourier 610 0 $aTrasformazioni di Fourier e Laplace 610 0 $aFunzioni di variabile complessa 610 0 $aAnalisi funzionale 676 $a517.4 676 $a517.5 676 $a515 700 1$aKrylov,$bVladimir Ivanovich$044226 701 1$aSkoblya,$bN. S.$0368354 702 1$aLouvish,$bD. 801 0$aIT$bUNINA$gRICA$2UNIMARC 901 $aBK 912 $a990001019110403321 952 $a16-080$b6597$fFI1 952 $aMXII-A-41$b2268$fMAS 959 $aFI1 959 $aMAS 996 $aHandbook of numerical inversion of laplace transforms$9355547 997 $aUNINA LEADER 01383nam 2200361 n 450 001 996386145203316 005 20200824121328.0 035 $a(CKB)4940000000072048 035 $a(EEBO)2240909912 035 $a(UnM)99835812e 035 $a(UnM)99835812 035 $a(EXLCZ)994940000000072048 100 $a19940630d1643 uh | 101 0 $aeng 135 $aurbn||||a|bb| 200 10$aBy the King a proclamation for the authorizing an vniformitie of the booke of common prayer to bee vsed throughout the realme$b[electronic resource] 210 $aPrinted at London $c[s.n.]$d1642 [i.e. 1643] 215 $a1 sheet ([1] p.) 300 $aPublication year is given according to Lady Day dating. 300 $aFirst edition was printed in 1603 (STC 8344). It was reprinted as a bifolium in STC 16326; also reprinted as a broadside here and in 1660 (Wing, 2nd ed. C3316a)--Cf. STC. 300 $aIdentified on Early English books, 1475-1640 microfilm as STC 8344a. 300 $aAnnotation on Thomason copy: "March 16". 300 $aReproduction of the original in the British Library. 330 $aeebo-0018 701 $aJames$cKing of England,$f1566-1625.$01001019 801 0$bCu-RivES 801 1$bCu-RivES 801 2$bCStRLIN 801 2$bWaOLN 906 $aBOOK 912 $a996386145203316 996 $aBy the King$92299281 997 $aUNISA